000 01034nam a22003497a 4500
001 BR0002274
003 BR-BrBNA
005 20230928100701.0
007 ta
008 230509b bl.||||| |||| 00| 0 por d
040 _aBR-BrBNA
_bpor
_cBiblioteca Nacional de Agricultura
041 _a(Por)
072 _aF04; F61; F62
_b1122
_b1190
_b3530
_b3830
_b3866
090 _ 1122 BR0002274
100 1 _aOliveira, P.R.A. de
110 1 _aUniversidade Federal de Lavras, MG (Brasil)
_0Tese (Doutorado)
245 1 _aEfeito do fosforo e zinco na nutricao e crescimento de mudas de mamoeiro e mangabeira
260 3 _aLavras, MG (Brasil):
_c2000.
300 _a185 p.
500 _aSummaries (Eng, Por); Several bibliography; 98 illus.; 30 tables
650 _aMamao
650 _aMangaba
650 _aMuda
650 _aAdubacao
650 _aFosforo
650 _aZinco
650 _aNutricao Vegetal
650 _aCrescimento
650 _aResposta da Planta
909 _a202309
_bLucia
_c55
_dLucia Elande
942 _cBK
999 _c62341
_d62341